1127 1317 1587 1165 1771 1218 1508 1436 1358 1674 1296 1777 1389 1329 1168 1493 1686 1147 1813 1191 1874 1829 1385 1246 1104 1060 1027 1458 1833 1013 1178 1297 1317 1137 1758 1714 1737 1013 1808 1865 1179 1312 1763 1625 1558 1597 1145 1601 1339 1593 1066 1728 1850 1925 1001 1569 1716 1388 1652 1074 1651 1947 1566 1259 1285 1000 1158 1154 1470 1666 1869 1652 1116 1062 1053 1979 1809 1501 1472 1278 1611 1109 1007 1778 1342 1949 1679 1795 1641 1564 1995 1398 1467 1177 1658 1698 1736 1038 1070 BCNSPRNW ULIB Ver.6.0+V

เปลี่ยนเป็นภาษาไทย

Change to English
 แสดงรายละเอียดบรรณานุกรม
  กลับหน้าหลัก

Brief Record : Get Marc (ISO 2709) : E-mail record : QR code < ปิดหน้าต่าง
LEADER : 00000nam 2200000uu 4500
001    13399108701
003     ULIB
008    110311s2548||||th 000 0 tha d
060  4 QZ200^bส984ค 2548
110 1  กระทรวงสาธารณสุข^bกรมการแพทย์^bสถาบันมะเร็งแห่งชาติ^bศูนย์มะเร็งลพบุรี
245 00 คู่มือโรคมะเร็งต่อมลูกหมาก/^cศูนย์มะเร็งลพบุรี
250    พิมพ์ครั้งที่ 1
260    ลพบุรี:^bศูนย์มะเร็ง ลพบุรี,^c2548
300    30 หน้า:^bภาพประกอบ
650  7 การดูแลตนเอง^xผู้ป่วยมะเร็ง
945    ^p0^l0^i018049
945    ^p0^l0^i018047
945    ^p0^l0^i018041
945    ^p0^l0^i018048
945    ^p0^l0^i018046
945    ^p0^l0^i018042
945    ^p0^l0^i018040
995    ทศพร
999 ^a ใช้งานได้ทุกระบบ
รายการนี้ยังไม่มีแท็ก
คุณยังไม่ได้ล็อกอิน คุณสามารถมีกิจกรรมร่วมกับเว็บไซต์ได้ แต่ต้องล็อกอินก่อน ::
  ล็อกอิน

รายการสื่อสารสนเทศ

ลำดับที่ ประเภท เลขเรียก/บาร์โค้ด สถานที่ สถานะ
- ไม่พบข้อมูล -

BibComment


ยังไม่เคยถูกคอมเมนท์

คอมเมนท์ทรัพยากรรายการนี้
  คอมเมนท์: คู่มือโรคมะเร็งต่..


 Copyright 2026. Bcnsprnw @Library